000 00526nam a2200181Ia 4500
005 20250326125839.0
008 250326s9999 xx 000 0 und d
037 _aTextbook
040 _aFMSL
_beng
_cFMSL
041 _aeng
_2eng
084 _aX:97 N7
_qFMSL
100 _aGovernment OF India
245 0 _aReport on family living survey among industrial workers Kanpur
_cGovernment OF India
260 _aDelhi
_bDelhi, Manager
_c1967
300 _a127p
942 _cTB
_hX:97 N7
999 _c1279843
_d1279843